00242pam a2200109 a 4500020000500000041000800005082001700013100001500030245003600045260002300081300002800104 c aeng a005.446bMIC aMicrosoft. aMicrosoft WindowshDonate Books a[s.l]:bMicrosoft. axvi/650:bp.b.;c20*14.